Deutsch Vokabular Neuhaus - Statistiques

Statistiques générales
  • Ce quiz a été pris 24 fois
    23 depuis la dernière actualisation
  • Le résultat moyen est 15 sur 165
Statistiques - réponses
Hint Réponse % Correct
achten auf akkusativ faire attention
100%
anpassen an akkusativ ajuster
40%
ankommen auf akkusativ arriver
40%
aufpassen auf akkusativ faire attention
40%
antworten auf akkusativ répondre
40%
sich ärgern über akkusativ s'énerver
40%
bezeichnen als akkusativ désigner
20%
sich bewerben als akkusativ postuler
20%
glauben an akkusativ croire
20%
denken an akkusativ penser
20%
(sich) erinnern an akkusativ rappeler
20%
sich halten an akkusativ se tenir
20%
sich wenden an akkusativ se tourner
20%
sich gewöhnen an akkusativ s'habituer
20%
warten auf akkusativ attendre
20%
sich verlassen auf akkusativ compter sur
20%
eingehen auf akkusativ entrer
20%
hoffen auf akkusativ espérer
20%
hinweisen auf akkusativ indiquer
20%
reagieren auf akkusativ réagir
20%
sich konzentrieren auf akkusativ se concentrer
20%
verzichten auf akkusativ se passer
20%
sich vorbereiten auf akkusativ se préparer
20%
beziehen auf akkusativ se rapporter
20%
sich freuen auf akkusativ se réjouir
20%
sich spezialisieren auf akkusativ se spécialiser
20%
sich bewerben auf/um akkusativ postuler
20%
sorgen für akkusativ assurer
20%
ausgeben für akkusativ dépenser
20%
werben für akkusativ faire de la publicité
20%
sich bedanken für akkusativ remercier
20%
danken für akkusativ remercier
20%
kämpfen für akkusativ se battre
20%
sich engagieren für akkusativ s'engager
20%
sich enstchuldigen für akkusativ s'excuser
20%
sich einsetzen für akkusativ s'impliquer
20%
sich interessieren für akkusativ s'intéresser
20%
halten für akkusativ tenir
20%
sich entscheiden für/gegen akkusativ se décider
20%
kämpfen gegen akkusativ se battre
20%
sich engagieren gegen akkusativ s'engager
20%
sich einsetzen gegen akkusativ s'impliquer
20%
einziehen in akkusativ emménager
20%
investieren in akkusativ investir
20%
sich verlieben in akkusativ tomber amoureux
20%
diskutieren über akkusativ discuter
20%
(sich) informieren über akkusativ informer
20%
reden über akkusativ parler
20%
sprechen über akkusativ parler
20%
erzählen über akkusativ raconter
20%
berichten über akkusativ rapporter
20%
nachdenken über akkusativ réflechir
20%
lachen über akkusativ rire
20%
(sich) streiten über akkusativ se disputer
20%
sich unterhalten über akkusativ s'entretenir
20%
sich beklagen über akkusativ se plaindre
20%
sich beschweren über akkusativ se plaindre
20%
schimpfen über akkusativ se plaindre
20%
sich freuen über akkusativ se réjouir
20%
sich wundern über akkusativ s'étonner
20%
wetten um akkusativ parier
20%
bitten um akkusativ prier de
20%
sich handeln um akkusativ s'agir
20%
(sich) streiten um akkusativ se disputer
20%
sich sorgen um akkusativ s'inquiéter
20%
sich kümmern um akkusativ s'occuper de
20%
ändern an dativ changer
0%
zweifeln an dativ douter
0%
liegen an dativ être allongé
0%
sterben an dativ mourir
0%
sich beteiligen an dativ participer
0%
teilnehmen an dativ participer
0%
erkennen an dativ reconnaître
0%
sich orientieren an dativ s'orienter
0%
leiden an dativ souffrir
0%
arbeiten an dativ travailler
0%
speichern auf dativ sauvegarder
0%
bestehen aus dativ consister
0%
helfen bei dativ aider
0%
anrufen bei dativ appeler
0%
vorkommen bei dativ arriver
0%
bestellen bei dativ commander
0%
nachfragen bei dativ demander
0%
unterbrechen bei dativ interrompre
0%
sich bewerben bei dativ postuler
0%
sich bedanken bei dativ remercier
0%
sich beklagen bei dativ se plaindre
0%
sich beschweren bei dativ se plaindre
0%
sich melden bei dativ se rapporter
0%
sich entschuldigen bei dativ s'excuser
0%
unterstützen bei dativ soutenir
0%
arbeiten bei dativ travailler
0%
vorbeikommen bei dativ venir
0%
sich erkundigen bei/nach dativ se renseigner
0%
sich befinden in dativ se trouver
0%
arbeiten in dativ travailler
0%
handeln mit dativ agir
0%
aufhören mit dativ arrêter
0%
anfangen mit dativ commencer
0%
beginnen mit dativ commencer
0%
vergleichen mit dativ comparer
0%
verbinden mit dativ connecter
0%
diskutieren mit dativ discuter
0%
experimentieren mit dativ expérimenter
0%
umgehen mit dativ manier
0%
sprechen mit dativ parler
0%
sich unterhalten mit dativ parler
0%
sich verabreden mit dativ prendre rendez vous
0%
sich austauschen mit dativ s'échanger
0%
sich verstehen mit dativ se comprendre
0%
klarkommen mit dativ se débrouiller
0%
(sich) streiten mit dativ se disputer
0%
schimpfen mit dativ se plaindre
0%
sich treffen mit dativ se rencontrer
0%
sich befassen mit dativ s'occuper de
0%
sich auskennen mit dativ s'y connaître
0%
telefonieren mit dativ téléphoner
0%
fragen nach dativ demander
0%
schmecken nach dativ goûter
0%
greifen nach dativ prendre
0%
sich richten nach dativ s'ajuster
0%
klingen nach dativ sonner
0%
leiden unter dativ souffrir
0%
handeln von dativ agir
0%
erwarten von dativ attendre
0%
überzeugen von dativ convaincre
0%
abraten von dativ déconseiller
0%
abhängen von dativ dépendre
0%
sich verabschieden von dativ dire au revoir
0%
hören von dativ écouter
0%
abhalten von dativ empêcher
0%
verlangen von dativ exiger
0%
naschen von dativ grignoter
0%
sprechen von dativ parler
0%
erzählen von dativ raconter
0%
berichten von dativ rapporter
0%
erhalten von dativ recevoir
0%
(sich) entfernen von dativ retirer
0%
zurückkommen von dativ revenir
0%
träumen von dativ rêver
0%
abmelden von dativ se déconnecter
0%
sich unterscheiden von dativ se différencier
0%
(sich) trennen von dativ séparer
0%
sich erholen von dativ se rétablir
0%
ausgehen von dativ sortir
0%
sich wünschen von dativ souhaiter
0%
halten von dativ tenir
0%
(sich) verstecken vor dativ cacher
0%
weglaufen vor dativ fuir
0%
vortragen vor dativ présenter
0%
(sich) retten vor dativ sauver
0%
gehören zu dativ appartenir
0%
bringen zu dativ apporter
0%
raten zu dativ conseiller
0%
beitragen zu dativ contribuer
0%
überreden zu dativ convaincre
0%
passen zu dativ convenir
0%
erziehen zu dativ éduquer
0%
gratulieren zu dativ féliciter
0%
zwingen zu dativ forcer
0%
einladen zu dativ inviter
0%
führen zu dativ mener
0%
motivieren zu dativ motiver
0%
zählen zu dativ payer
0%
sich entschliessen zu dativ se décider
0%
Aucun quiz correspondant
Distribution des résultats
% des personnes avec chaque résultat
Percentile par nombre de réponses
Votre historique - résultats
Vous n’avez pas pris ce quiz depuis la dernière actualisation